|
|
|
|
| LEADER |
00000cas a2200000 a 4500 |
| 003 |
Ucuenca |
| 005 |
20230308222544.0 |
| 008 |
984100|1984 ec |||||r|||||||||||spa|| |
| 040 |
|
|
|b spa
|
| 041 |
0 |
|
|a es
|
| 082 |
0 |
|
|a 610.5
|b U48r
|
| 110 |
2 |
|
|a Universidad de Cuenca.
|b Facultad de Ciencias Médicas.
|9 198906
|
| 245 |
|
|
|a Revista de la Facultad de Ciencias Médicas de la Universidad de Cuenca
|c Universidad de Cuenca. Facultad de Ciencias Médicas
|h imp
|
| 264 |
|
|
|a Cuenca
|b Universidad de Cuenca
|c 1984
|
| 300 |
|
|
|a 137 páginas:
|b ilu
|c 27.3 cm
|
| 310 |
|
|
|a irre
|
| 362 |
|
|
|a vol. 16, no. 1 (1984)
|
| 505 |
1 |
|
|a Editorial -- Urolitiasis incifdencia en el hospital regional Vicente Corral Moscoso 1977-1983 -- Detección oportuna del cáncer de cuello uterino -- Diagnóstico radiológico del cáncer de colón -- Síndrome alcohólico fetal S.A.F
|
| 650 |
|
|
|a Facultad de ciencias medicas
|9 10568
|
| 650 |
|
|
|a Cancer de colon
|9 224803
|
| 650 |
|
|
|a Cancer de utero
|9 224804
|
| 852 |
|
|
|a UC-SALUD
|f Donación
|l 1
|m Limitada
|p 19841000
|t si1139a
|b 1
|d CDRS
|e CDRS
|g 610.5 si1139a HEMEROTECA
|z 1984-41-00
|
| 942 |
|
|
|c SER
|2 ddc
|z denisse.artiles@ucuenca.edu.ec
|
| 999 |
|
|
|c 141258
|d 141258
|